<?xml version="1.0" encoding="UTF-8"?>
<record
    xmlns:xsi="http://www.w3.org/2001/XMLSchema-instance"
    xsi:schemaLocation="http://www.loc.gov/MARC21/slim http://www.loc.gov/standards/marcxml/schema/MARC21slim.xsd"
    xmlns="http://www.loc.gov/MARC21/slim">

  <leader>00878nam a22002537a 4500</leader>
  <controlfield tag="003">BDDh-ASL</controlfield>
  <controlfield tag="005">20231015031012.0</controlfield>
  <controlfield tag="008">220914s1931    xx ||||| |||| 00| 0 urd d</controlfield>
  <datafield tag="040" ind1=" " ind2=" ">
    <subfield code="a">BDDh-ASL</subfield>
    <subfield code="c">BDDh-ASL</subfield>
  </datafield>
  <datafield tag="041" ind1=" " ind2=" ">
    <subfield code="a">urd</subfield>
  </datafield>
  <datafield tag="082" ind1=" " ind2=" ">
    <subfield code="a">297</subfield>
    <subfield code="b">FAT</subfield>
  </datafield>
  <datafield tag="100" ind1="1" ind2=" ">
    <subfield code="9">6491</subfield>
    <subfield code="a">Farahi, Hamiduddin </subfield>
  </datafield>
  <datafield tag="245" ind1="1" ind2="0">
    <subfield code="a">Tafsir Sura Ikhlas : / &#x62A;&#x641;&#x633;&#x64A;&#x631; &#x633;&#x648;&#x631;&#x6C2; &#x627;&#x62E;&#x644;&#x627;&#x635; </subfield>
  </datafield>
  <datafield tag="246" ind1=" " ind2=" ">
    <subfield code="a">Tafsir Sura Lahab : / &#x62A;&#x641;&#x633;&#x64A;&#x631; &#x633;&#x648;&#x631;&#x6C2; &#x644;&#x6C1;&#x628; </subfield>
  </datafield>
  <datafield tag="246" ind1=" " ind2=" ">
    <subfield code="a">Tafsir Sura Fil : / &#x62A;&#x641;&#x633;&#x64A;&#x631; &#x633;&#x648;&#x631;&#x6C2; &#x641;&#x64A;&#x644; </subfield>
  </datafield>
  <datafield tag="246" ind1=" " ind2=" ">
    <subfield code="a">Tafsir Sura Kafirun : / &#x62A;&#x641;&#x633;&#x64A;&#x631; &#x633;&#x648;&#x631;&#x6C2; &#x6A9;&#x627;&#x641;&#x631;&#x648;&#x646; </subfield>
  </datafield>
  <datafield tag="246" ind1=" " ind2=" ">
    <subfield code="a">Tafsir Sura Wattin : / &#x62A;&#x641;&#x633;&#x64A;&#x631; &#x633;&#x648;&#x631;&#x6C2; &#x648;&#x627;&#x644;&#x62A;&#x64A;&#x646; </subfield>
  </datafield>
  <datafield tag="246" ind1=" " ind2=" ">
    <subfield code="a">Tafsir Suratus Shams : / &#x62A;&#x641;&#x633;&#x64A;&#x631; &#x633;&#x648;&#x631;&#x6C3; &#x627;&#x644;&#x634;&#x645;&#x633; </subfield>
  </datafield>
  <datafield tag="246" ind1=" " ind2=" ">
    <subfield code="a">Tafsire Sura Abasa : / &#x62A;&#x641;&#x633;&#x64A;&#x631; &#x633;&#x648;&#x631;&#x6C2; &#x639;&#x628;&#x633; </subfield>
  </datafield>
  <datafield tag="260" ind1=" " ind2=" ">
    <subfield code="c">1931. </subfield>
  </datafield>
  <datafield tag="300" ind1=" " ind2=" ">
    <subfield code="a">38 p. : </subfield>
    <subfield code="c">18 cm. </subfield>
  </datafield>
  <datafield tag="650" ind1=" " ind2="0">
    <subfield code="9">4705</subfield>
    <subfield code="a">Tafsir</subfield>
  </datafield>
  <datafield tag="942" ind1=" " ind2=" ">
    <subfield code="2">ddc</subfield>
    <subfield code="c">BK</subfield>
  </datafield>
  <datafield tag="952" ind1=" " ind2=" ">
    <subfield code="0">0</subfield>
    <subfield code="1">0</subfield>
    <subfield code="2">ddc</subfield>
    <subfield code="4">0</subfield>
    <subfield code="7">1</subfield>
    <subfield code="8">NFIC</subfield>
    <subfield code="a">ASL</subfield>
    <subfield code="b">ASL</subfield>
    <subfield code="c">GEN</subfield>
    <subfield code="d">2022-09-14</subfield>
    <subfield code="e">ASB Collections</subfield>
    <subfield code="h">U-0823-A-F</subfield>
    <subfield code="l">0</subfield>
    <subfield code="o">297 FAT</subfield>
    <subfield code="p">117349</subfield>
    <subfield code="r">2022-09-14 00:00:00</subfield>
    <subfield code="t">C-1</subfield>
    <subfield code="w">2022-09-14</subfield>
    <subfield code="y">BK</subfield>
    <subfield code="z">Y-1931</subfield>
  </datafield>
  <datafield tag="999" ind1=" " ind2=" ">
    <subfield code="c">29164</subfield>
    <subfield code="d">29164</subfield>
  </datafield>
</record>
